Dudince Tehliar - rekreačno-liečebné zariadenie Západoslovenských tehelní, n.p., Pezinok

Zobrazenie:

Bibliographic Details
Other Authors: Vojček, Alexander (fotograf) (Photographer)
Format: Photo
Language:Slovak
PhysicalDescription:1 pohľadnica farebná 11 x 15 cm
Published: Bratislava ČSTK-Pressfoto 1988
Subjects:

MARC

LEADER 00000ckm a2200000 a 4500
001 vtls001203011
003 SK-MaSNL
005 20260331202559.0
007 kf co
008 240131s1988 xo g 0kuslo
015 |a SNBG1988 
035 |a SNK000146081 
035 |a urn:nbn:sk:snk-km004z63 
035 |a CE638C8E-F1F4-4317-BF3B-F92FF872AB52 
035 |a urn:nbn:sk:snk-kmtfh0 
040 |a SNK  |b slo  |c SNK  |e AACR2 
041 0 |a slo 
043 |a e-xo--- 
044 |a xo  |c SK 
072 7 |a 913  |x Regionálna geografia  |2 konspekt 
080 |a 913(437.6)  |2 2011 
080 |a (084.121)  |2 2011 
080 |a 913.(437.6)  |2 2001 
080 |a 725.8  |2 2001 
080 |a (084.121)  |2 2001 
100 1 |a Vojček, Alexander  |c (fotograf)  |4 pht  |9 358709 
245 1 0 |a Dudince  |h grafika  |b Tehliar - rekreačno-liečebné zariadenie Západoslovenských tehelní, n.p., Pezinok  |c foto: A. Vojček ; výtvarný návrh: M. Menclová 
246 1 |i Názov na obrazovej časti:  |a Tehliar Dudince 
260 |a Bratislava  |b ČSTK-Pressfoto  |c 1988  |e Skalica  |f Grafobal 
300 |a 1 pohľadnica  |b farebná  |c 11 x 15 cm 
520 8 |a Zobrazenie: 
650 0 7 |a rekreačné zariadenia  |2 SNKPH  |9 3012 
651 7 |a Dudince (Slovensko)  |2 SNKPHgeo  |9 28951 
655 7 |a miestne pohľadnice  |2 SNKPH  |9 70510 
700 1 |a Menclová, Milica  |c (grafička)  |4 art  |9 283289 
852 |a Slovenská národná knižnica 
954 |a pohľadnice pôvodné (slovenské)  |2 lita 
958 |a GBN 
958 |a GC 
958 |a OND 
958 |a EUIPO 
999 |c 861913  |d 863843 
952 |t P60, <04>, [BOOK], {604}  |a SNK  |b SNK  |y PREZ  |7 0  |p 17A0341501  |o snkSP 140143 D1  |i snk3176/88  |0 0  |1 0  |4 0  |d 2002-04-25  |f 1  |l 0  |r 2005-01-01 00:00:00  |w 2026-02-24 
952 |a SNK  |b SNK  |y PREZ  |7 0  |p 17A1281834  |o snkSP 140143  |i snk3175/88  |0 0  |1 0  |4 0  |d 2021-06-11  |l 0  |r 2026-02-24 05:15:21  |w 2026-02-24